|
|
|
|
| LEADER |
00000cam a2200000 7i4500 |
| 001 |
0000001136 |
| 005 |
20140110.0 |
| 020 |
0 |
0 |
|a 9679787354
|
| 090 |
0 |
0 |
|a 909.049923
|b ISM 2000
|
| 100 |
0 |
0 |
|a ISMAIL Noor
|
| 245 |
1 |
4 |
|a The Malays par excellence ... warts and all :
|b An introspection
|c Ismail Noor, Muhammad Azaham
|
| 260 |
0 |
0 |
|a Subang Jaya, Selangor :
|b Pelanduk Pub. ,
|c 2000
|
| 300 |
|
|
|a xvii, 166 p. ;
|c 22 cm.
|
| 500 |
0 |
0 |
|a Bibliography : [p. 157-159] and index
|
| 650 |
0 |
0 |
|a Malays
|x History
|
| 651 |
0 |
0 |
|a Malaysia
|x Civilization
|
| 700 |
0 |
1 |
|a Muhammad Azaham Wahab
|
| 998 |
|
|
|a JPSM
|
| 999 |
|
|
|a 0000002133
|b Monograph
|c Open Shelf
|e Default branch
|